000 01014nam a2200229Ia 4500
003 OSt
005 20200723233231.0
008 191128s2002 ck fr 000 0 spa d
020 _a9589636462
040 _aCO-JMCR
_cCO-JMCR
041 0 _aspa
082 0 4 _a338.9861 /
_bC755t
_223
110 1 _aColombia.
_bConsejo Nacional de Planeación
_92748
245 1 0 _aTrocha nacional ciudadana :
_b¡construyamos entre todas y todos el pais que queremos! /
_cConsejo Nacional de Planeación
260 _aBogotá :
_bConsejo Nacional de Planeación,
_c2002
300 _a192 Páginas ;
_c21 cm.
505 0 _aDocumentos síntesis -- La descentralización y la regionalización como instrumentos de democracia, desarrollo y paz -- Educación para el desarrollo -- La economía colombiana hacia el futuro -- El desarrollo del agro colombiano.
650 1 4 _aPlanes de desarrollo
_xColombia
_97771
650 1 4 _aPlanificación regional
_xColombia
_97772
651 4 _aColombia
_xpolítica económica
_96872
942 _2ddc
_cBK
999 _c3668
_d3668